Manual para la evaluación del profesorado
Gespeichert in:
| Hauptverfasser: | , |
|---|---|
| Format: | Buch |
| Sprache: | Spanisch |
| Veröffentlicht: |
Madrid
La Muralla
1997
|
| Ausgabe: | 1a. ed |
| Schriftenreihe: | Colección Aula Abierta
|
| Schlagworte: | |
| Tags: |
Tag hinzufügen
Keine Tags, Fügen Sie den ersten Tag hinzu!
|
MARC
| LEADER | 00000nam a2200000 a 4500 | ||
|---|---|---|---|
| 001 | UCQ4034 | ||
| 003 | CL-VaPUC | ||
| 008 | 980829e19970000SP |||||||||||||||||spa|d | ||
| 020 | |a 8471336715 | ||
| 082 | 0 | 4 | |a 371.144 |b MIL |2 21 |
| 100 | |a Millman, Jason |e autor |9 499072 | ||
| 700 | 0 | |a Darling Hammond, Linda |e author |9 418276 | |
| 245 | 1 | 0 | |a Manual para la evaluación del profesorado |
| 250 | |a 1a. ed | ||
| 300 | |a 579 p | ||
| 942 | |c BK | ||
| 945 | |d 19980829 00:00:00 |a aarredon | ||
| 260 | |a Madrid |b La Muralla |c 1997 | ||
| 650 | 0 | |a Educación |9 258661 | |
| 650 | 0 | |a Evaluación |9 271902 | |
| 650 | 0 | |a Profesores |9 308968 | |
| 650 | 0 | |a Evaluación de la educación |9 237505 | |
| 650 | 0 | |a Metodología |9 256610 | |
| 650 | 0 | |a Investigación educacional |9 261192 | |
| 650 | 0 | |a Autoevaluación |9 307807 | |
| 583 | |a last modification |c 19980829 00:00:00 |k Rodrigo Vera | ||
| 490 | 0 | |a Colección Aula Abierta | |
| 999 | |c 274532 |d 274530 | ||
| 952 | |0 0 |1 0 |4 0 |6 371_144000000000000_MIL_1997 |7 0 |8 P |9 310729 |a BIBEDU |b BIBEDU |c BIBEDU_PB |d 2019-11-20 |i 3458156 |o 371.144 MIL 1997 |p 3458156 |r 2024-01-25 |w 2019-11-20 |y BK |k LIT | ||
| 952 | |0 0 |1 0 |4 0 |6 371_144000000000000_MIL_1997 |7 0 |8 P |9 310730 |a BIBEDU |b BIBEDU |c BIBEDU_PB |d 2019-11-20 |i 3495094 |o 371.144 MIL 1997 |p 3495094 |r 2024-01-25 |w 2019-11-20 |y BK |k BME | ||
| 952 | |0 0 |1 0 |4 0 |6 371_144000000000000_MIL_1997 |7 0 |8 A |9 310731 |a BIBHIS |b BIBHIS |d 2019-11-20 |i 4551222 |o 371.144 MIL 1997 |p 4551222 |r 2025-01-20 |w 2019-11-20 |y BK |k HIS | ||